000
00278 a2200121 4500
020
_a
9788131723586
090
_c
6623
_d
6623
100
_a
John C. Hull
245
_a
Options, futures, and other Derivatives
250
_a
7th
260
_a
Delhi
942
_a
NBS
_c
BK
_k
332.645 HUL
999
_c
348977
_d
348977